Famous Cats by Picture - Statistics

General Stats
  • This quiz has been taken 1,009 times
    110 since last reset
  • The average score is 11 of 21
Answer Stats
Picture Answer % Correct
Garfield
100%
Tom
97%
Hello Kitty
94%
Puss in Boots
85%
Cat in the Hat
84%
Sylvester
77%
Cheshire Cat
73%
Grumpy Cat
59%
Scratchy
52%
Felix the Cat
50%
Crookshanks
40%
Snowball II
39%
Nyan Cat
38%
Duchess
36%
Socks
31%
Nermal
28%
Heathcliff
26%
Milo
26%
Azrael
20%
Mr. {Bigglesworth}
19%
Mr. {Jinx}
19%
No matching quizzes found
Score Distribution
Percent of People with Each Score
Percentile by Number Answered
Your Score History
You have not taken this quiz since the last reset